000 00754nam a22002297a 4500
005 20170124110039.0
010 _aA-843629
020 _c00.00
_a0195104498
035 _aA-843629
037 _bCen Lib/Ret
040 _aDPL
_bEN
082 _a808.06665
_bBAI
100 _aBaily, Edward P.
_9102313
245 _aPlain english ata work :
_cby Edward P. Baily
_ba guide to writing and speaking /
260 _aNew York
_bOxford Universityb Press
_c1996
270 _bNew York
_a198, madison avenue
_e10016
300 _axiv, 286p.
_c21cm(Hb)
500 _aIncludes appendix and index
650 _aEnglish language
_xBusiness English
_9102314
650 _aBusiness presentations
_9102315
942 _2ddc
_cEN
_h808.06665
_mBAI
999 _c128434
_d128434